Catalog

Record Details

Catalog Search



Born a crime : stories from a South African ... Read More

Available copies

  • 3 of 3 copies available at LARL/NWRL Consortium.
  • 1 of 1 copy available at Lake Agassiz Regional Library. (Show preferred library)

Current holds

0 current holds with 3 total copies.

Show Only Available Copies
Location Call Number / Copy Notes Barcode Shelving Location Status Due Date
Moorhead Public Library 921 NOA (Text) 33500012848305 Main Available -
Thief River Falls Public Library 921 NOA (Text) 35500006871857 Main Available -
Warroad Public Library 921 NOA (Text) 35500006648099 Main Available -

Record details

  • ISBN: 9780399588174
  • ISBN: 0399588175
  • ISBN: 9780399590443
  • ISBN: 0399590447
  • ISBN: 9780399588198
  • Physical Description: x, 288 pages ; 25 cm
  • Edition: First edition.
  • Publisher: New York : Spiegel & Grau, [2016]

Content descriptions

Formatted Contents Note:
Run -- Born a Crime -- Trevor, Pray -- Chameleon ... Read More
Summary, etc.:
"The compelling, inspiring, and comically sublime ... Read More
Noah's path from apartheid South Africa to the ... Read More
Subject: Noah, Trevor, 1984-
Comedians > United States > Biography.
Comedians > South Africa > Biography.
Television personalities > United States > Biography.
BIOGRAPHY & AUTOBIOGRAPHY / Personal Memoirs.
HUMOR / Essays.
PERFORMING ARTS / Comedy.
BIOGRAPHY & AUTOBIOGRAPHY / Personal Memoirs.
HUMOR / Essays.
PERFORMING ARTS / Comedy.
HUMOR / Form / Essays.
Genre: Autobiographies.
LDR 03449cam a22005778i 4500
001219634
003LARL_NWRL_CONSORTIUM
00520250604161508.0
008160809s2016 nyu 000 0aeng
019 . ‡a945719155
020 . ‡a9780399588174 ‡q(hardcover)
020 . ‡a0399588175 ‡q(hardcover)
020 . ‡a9780399590443 ‡q(international)
020 . ‡a0399590447 ‡q(international)
020 . ‡a9780399588198
020 . ‡z9780399588181 ‡q(ebook)
035 . ‡a(OCoLC)945946648 ‡z(OCoLC)945719155
042 . ‡apcc
043 . ‡an-us--- ‡af-sa---
08200. ‡a791.4502/8092 ‡aB ‡223
1001 . ‡aNoah, Trevor, ‡d1984- ‡eauthor. ‡0(LARL_NWRL_CONSORTIUM)222956
24510. ‡aBorn a crime : ‡bstories from a South African childhood / ‡cTrevor Noah.
24630. ‡aStories from a South African childhood
250 . ‡aFirst edition.
264 1. ‡aNew York : ‡bSpiegel & Grau, ‡c[2016]
300 . ‡ax, 288 pages ; ‡c25 cm
336 . ‡atext ‡btxt ‡2rdacontent
337 . ‡aunmediated ‡bn ‡2rdamedia
338 . ‡avolume ‡bnc ‡2rdacarrier
520 . ‡a"The compelling, inspiring, and comically sublime story of one man's coming-of-age, set during the twilight of apartheid and the tumultuous days of freedom that followed,"--Amazon.com.
520 . ‡aNoah's path from apartheid South Africa to the desk of The Daily Show began with a criminal act: his birth. Born to a white Swiss father and a black Xhosa mother, at the time such a union was punishable by five years in prison. As he struggles to find himself in a world where he was never supposed to exist, his mother is determined to save her son from the cycle of poverty, violence, and abuse that would ultimately threaten her own life. With an incisive wit and unflinching honesty, Noah weaves together a moving yet searingly funny portrait of a boy making his way through a damaged world in a dangerous time.
5050 . ‡aRun -- Born a Crime -- Trevor, Pray -- Chameleon -- The Second Girl -- Loopholes -- Fufi -- Robert -- The Mulberry Tree -- A Young Man's Long, Awkward, Occasionally Tragic, and Frequently Humiliating Education in Affairs of the Heart, Part I: Valentine's Day -- Outsider -- A Young Man's Long, Awkward, Occasionally Tragic, and Frequently Humiliating Education in Affairs of the Heart, Part II: The Crush -- Colorblind -- A Young Man's Long, Awkward, Occasionally Tragic, and Frequently Humiliating Education in Affairs of the Heart, Part III: The Dance -- Go Hitler! -- The Cheese Boys -- The World Doesn't Love You -- My Mother's List.
60010. ‡aNoah, Trevor, ‡d1984- ‡0(LARL_NWRL_CONSORTIUM)222956
650 0. ‡aComedians ‡zUnited States ‡vBiography. ‡0(LARL_NWRL_CONSORTIUM)164414
650 0. ‡aComedians ‡zSouth Africa ‡vBiography.
650 0. ‡aTelevision personalities ‡zUnited States ‡vBiography. ‡0(LARL_NWRL_CONSORTIUM)167682
650 7. ‡aBIOGRAPHY & AUTOBIOGRAPHY / Personal Memoirs. ‡2bisacsh
650 7. ‡aHUMOR / Essays. ‡2bisacsh
650 7. ‡aPERFORMING ARTS / Comedy. ‡2bisacsh
650 7. ‡aBIOGRAPHY & AUTOBIOGRAPHY / Personal Memoirs.
650 7. ‡aHUMOR / Essays.
650 7. ‡aPERFORMING ARTS / Comedy.
650 7. ‡aHUMOR / Form / Essays.
655 7. ‡aAutobiographies. ‡2lcgft
901 . ‡a219634 ‡bOCoLC ‡c219634 ‡tbiblio ‡soclc

Additional Resources